Gaming Quiz

Random Gaming or City Quiz

Elder Scrolls Cities Quiz Stats

 Plays Quiz Updated Jan 5, 2012

Challenge
Share
Tweet
Embed
Score 0/23 Timer 06:00
3 Plays Today
% Correct
Whiterun
84.3%
Solitude
77.6%
Winterhold
76.1%
Riften
74.3%
Windhelm
71.5%
Markarth
67.5%
Imperial City
67%
Dawnstar
63.8%
Falkreath
62%
Morthal
53.7%
Anvil
50.9%
Bruma
50%
% Correct
Kvatch
46.7%
Bravil
44.2%
Cheydinhal
40.1%
Skingrad
36%
Chorrol
35.4%
Leyawiin
34%
Vivec
31.5%
Balmora
27.7%
Ald'ruhn
17.5%
Sadrith Mora
13.3%
Gnisis
11.2%

You're not logged in!

Compare scores with friends on all Sporcle quizzes.
Join for Free
OR
Log In

You Might Also Like...

Show Comments

Extras

Top Quizzes Today


Score Distribution

Your Account Isn't Verified!

In order to create a playlist on Sporcle, you need to verify the email address you used during registration. Go to your Sporcle Settings to finish the process.

Report this User

Report this user for behavior that violates our Community Guidelines.

Details: